[Event "IECG TG-2003-0-14906"]
[Site "IECG email"]
[Date "2003.06.01"]
[Round "1"]
[White "De la Guetto, Rafael"]
[Black "Greene, Seymour"]
[Result "0-1"]
[WhiteElo "800"]
[BlackElo "800"]
[PlyCount "68"]
[EventDate "2003.06.01"]
[EventType "tourn (corr)"]
[EventRounds "6"]
[SourceTitle "Corr 2024"]
[Source "ChessBase"]
[SourceDate "2023.10.19"]
[SourceVersion "1"]
[SourceVersionDate "2023.10.19"]
[SourceQuality "1"]

1. e4 d6 2. d4 Nf6 3. Nc3 g6 4. g3 Bg7 5. Bg2 0-0 6. Nge2 e5 7. 0-0 Nc6 8. d5 Nb8 9. h3 Na6 10. Be3 c6 11. Qd2 cxd5 12. Nxd5 Nxd5 13. Qxd5 Be6 14. Qd2 Qd7 15. Kh2 Rac8 16. Rfd1 b5 17. a3 Rfd8 18. Nc3 Nc5 19. Rac1 Na4 20. Nxa4 bxa4 21. g4 Bc4 22. c3 Qb7 23. f3 Rb8 24. Rb1 Ba2 25. Rbc1 Bc4 26. Rb1 Ba2 27. Rbc1 Be6 28. Rb1 Bb3 29. Re1 Ba2 30. Ra1 Bc4 31. Rab1 d5 32. exd5 Rxd5 33. Qf2 Bd3 34. f4 e4 0-1